| 000 | 00840cab a2200217 4500 | ||
|---|---|---|---|
| 001 | WB2802-16 | ||
| 008 | 090401t1992 xxu||||| |||| 00| 0 eng d | ||
| 035 | _a(Sirsi) u822 | ||
| 041 | _aeng | ||
| 245 | _aChanges in opencasting guidelines | ||
| 260 | _c1992 | ||
| 350 | _a0 | ||
| 490 |
_aNorthern Echo _v7 January 1992, 8(1) |
||
| 520 | _aSuccessful appeals for opencast mining sites show disregard for local democracy and the planning system, asserts the North East Opencast Action Group in a letter to the Environment Secretary, which draws attention to the general presumption in favour of mining displayed by the "Mineral Planning Guidance Note 3". | ||
| 650 | _aMINERAL PLANNING GUIDANCE NOTE 3 | ||
| 650 | _aOPENCAST MINING | ||
| 650 | _aPLANNING POLICY | ||
| 690 | _aMINING AND MINERALS | ||
| 942 | _n0 | ||
| 948 | _c04/03/1997 | ||
| 999 |
_c453 _d453 |
||